000 00472nam a2200181Ia 4500
001 5025
005 20260306145838.0
008 260306t2015||||xx |||||||||||||| ||spa||
041 _aESP
082 _a332.67
_bC24
100 _aCámara de Comercio e Industria de Arequipa
_eAUT
245 0 _aGuía de negocios e inversión en el Perú, 2015-2016
260 _c2015
300 _a263 páginas :
_c24 cm.
650 _aGEN
654 _aCAN
942 _cLIB
_dJUS
_fJUS
_2ddc
_n
999 _c5025
_d5025